<?xml version="1.0" encoding="UTF-8"?>
<collection xmlns="http://www.loc.gov/MARC21/slim">
    <record>
        <controlfield tag="001">86246</controlfield>
        <controlfield tag="005">20191128095713.0</controlfield>
        <datafield tag="024" ind1="8" ind2=" ">
            <subfield code="2">sideral</subfield>
            <subfield code="a">114276</subfield>
        </datafield>
        <datafield tag="037" ind1=" " ind2=" ">
            <subfield code="a">ART-2018-114276</subfield>
        </datafield>
        <datafield tag="041" ind1=" " ind2=" ">
            <subfield code="a">spa</subfield>
        </datafield>
        <datafield tag="100" ind1=" " ind2=" ">
            <subfield code="0">(orcid)0000-0001-6839-2803</subfield>
            <subfield code="a">Álvarez Soria, Ignacio Jesús</subfield>
            <subfield code="u">Universidad de Zaragoza</subfield>
        </datafield>
        <datafield tag="245" ind1=" " ind2=" ">
            <subfield code="a">El santuario de Delos y la construcción de la identidad en el Egeo</subfield>
        </datafield>
        <datafield tag="260" ind1=" " ind2=" ">
            <subfield code="c">2018</subfield>
        </datafield>
        <datafield tag="506" ind1="0" ind2=" ">
            <subfield code="a">Access copy available to the general public</subfield>
            <subfield code="f">Unrestricted</subfield>
        </datafield>
        <datafield tag="520" ind1="3" ind2=" ">
            <subfield code="a">El santuario de Delos fue un factor esencial en la creación y manifestación de la identidad en el Egeo, puesto que en él, las comunidades y habitantes de este mar encontraron el espacio ideal para establecer relaciones y competir de forma pacífica entre ellos. Al mismo tiempo, el santuario de Delos fue el objeto de las ambiciones de las  diferentes potencias que trataron de imponerse sobre las comunidades que allí se reunían, quedando enmarcado en el relato étnico jonio y experimentando cambios que adulteraron su naturaleza temporalmente. Sin embargo, a partir del siglo III a.C. el santuario recuperó parte de su configuración original, convirtiéndose en un lugar de confluencia de comunidades diversas; no obstante, tanto el santuario como el culto de Apolo Delio siguieron siendo utilizados con fines políticos por parte de quienes trataron de controlar el área del Egeo, aunque lo fueron de forma mucho menos agresiva que en siglos anteriores.</subfield>
        </datafield>
        <datafield tag="540" ind1=" " ind2=" ">
            <subfield code="9">info:eu-repo/semantics/openAccess</subfield>
            <subfield code="a">by-nc-nd</subfield>
            <subfield code="u">http://creativecommons.org/licenses/by-nc-nd/3.0/es/</subfield>
        </datafield>
        <datafield tag="655" ind1=" " ind2="4">
            <subfield code="a">info:eu-repo/semantics/article</subfield>
            <subfield code="v">info:eu-repo/semantics/publishedVersion</subfield>
        </datafield>
        <datafield tag="710" ind1="2" ind2=" ">
            <subfield code="1">3000</subfield>
            <subfield code="2">445</subfield>
            <subfield code="a">Universidad de Zaragoza</subfield>
            <subfield code="b">Dpto. Ciencias de la Antigüed.</subfield>
            <subfield code="c">Área Historia Antigua</subfield>
        </datafield>
        <datafield tag="773" ind1=" " ind2=" ">
            <subfield code="g">1, 7 (2018), 121-134</subfield>
            <subfield code="p">Antesteria</subfield>
            <subfield code="t">Antesteria</subfield>
            <subfield code="x">2254-1683</subfield>
        </datafield>
        <datafield tag="856" ind1="4" ind2=" ">
            <subfield code="s">189049</subfield>
            <subfield code="u">http://zaguan.unizar.es/record/86246/files/texto_completo.pdf</subfield>
            <subfield code="y">Versión publicada</subfield>
        </datafield>
        <datafield tag="856" ind1="4" ind2=" ">
            <subfield code="s">115480</subfield>
            <subfield code="u">http://zaguan.unizar.es/record/86246/files/texto_completo.jpg?subformat=icon</subfield>
            <subfield code="x">icon</subfield>
            <subfield code="y">Versión publicada</subfield>
        </datafield>
        <datafield tag="909" ind1="C" ind2="O">
            <subfield code="o">oai:zaguan.unizar.es:86246</subfield>
            <subfield code="p">articulos</subfield>
            <subfield code="p">driver</subfield>
        </datafield>
        <datafield tag="951" ind1=" " ind2=" ">
            <subfield code="a">2019-11-27-15:44:26</subfield>
        </datafield>
        <datafield tag="980" ind1=" " ind2=" ">
            <subfield code="a">ARTICLE</subfield>
        </datafield>
    </record>

    
</collection>